[Event "URU-ch Final 2018"]
[Site "Montevideo"]
[Date "2018.04.15"]
[Round "9"]
[White "Dominguez, Facundo"]
[Black "Carbone, Diego"]
[Result "1/2-1/2"]
[WhiteElo "2143"]
[BlackElo "2219"]
[Annotator "TA"]
[PlyCount "97"]
[EventDate "2018.??.??"]
[EventType "tourn"]
[EventCountry "URU"]
[SourceTitle "playchess.com"]
[Source "ChessBase"]
[SourceQuality "1"]

{[%evp 19,97,55,70,54,102,96,122,121,247,149,151,169,149,154,237,235,216,192,195,116,129,124,126,112,112,123,110,77,95,102,170,125,116,-48,-48,-254,-256,-754,-240,-222,0,-178,-173,-188,-188,-294,-35,-37,-45,-170,-164,-161,-184,-422,-139,-202,-125,-208,-201,-404,0,0,0,-219,-39,-104,-6,-14,0,0,0,0,0,0,0,0,0,0,0,0]} 1. e4 c5 2. c3 d6 3. d4 Nf6 4. dxc5 Nc6 5. f3 d5 6. exd5 Nxd5 7. Bc4 e6 8. Bxd5 exd5 9. Be3 Qh4+ 10. g3 {B22: Sicilian: 2 c3} Qh5 {LiveBook: 10 Games} 11. Nd2 Be6 $146 ({Predecessor:} 11... Be7 12. Ne2 g5 13. Bd4 f6 14. Qb3 Qf7 15. O-O-O O-O 16. g4 b6 17. cxb6 Ba6 {0-1 (51) Ker,A (2328)-Belkhodja,S (2478) Mallorca 2004}) 12. Ne2 {White is better.} g5 13. Nd4 Be7 (13... Bg7 $16) 14. Qe2 O-O 15. Nxc6 bxc6 16. Bd4 Qg6 (16... g4 $16 17. O-O gxf3 18. Nxf3 (18. Rxf3 Rfb8 $16) 18... Rfe8) 17. Qe5 $18 {[%csl Gd4][%cal Re5h8]} f5 18. h4 Rae8 19. O-O-O (19. hxg5 Bf6 $16) (19. h5 $1 $18 Qh6 20. O-O-O) 19... Bf6 $16 20. Qe3 f4 21. gxf4 Bc8 22. Qg1 {[%cal Rh4g5]} Bxd4 23. cxd4 Rxf4 24. hxg5 Bf5 (24... Re2 $2 25. Re1 $18) (24... Qd3 $16 {was worth a try.} 25. Nb3 (25. Re1 Rff8 $17) 25... Qc4+ 26. Kb1 Rxf3) 25. Rh6 Qf7 26. Qg3 $2 ({Better is} 26. Rd6 $16) 26... Bg6 $1 $15 27. Qh3 $2 (27. Rxg6+ $15 hxg6 28. Rh1) 27... Rxd4 $19 28. Rh1 $2 (28. Qh2) 28... Qg7 $2 (28... Rxd2 29. Rxg6+ $1 {[%mdl 512]} Qxg6 30. Kxd2 $11) (28... Bf5 29. Qh5 Qe7) 29. Qh2 Qf7 $2 (29... Ra4 $19 30. Rxg6 Qxg6) 30. Qd6 $2 (30. Qh3 $1 $11) 30... Qf5 {[%csl Gg6][%cal Rf5c2]} 31. Rxg6+ Qxg6 32. Qd7 (32. Qxg6+ $142 hxg6 33. Nb3) 32... Rf8 $2 (32... h5 $19 {Strongly threatening ...h4.} 33. Rd1 Rf4 34. Qxa7 Qxg5) 33. Rh6 $1 $15 {[%cal Rh6g6]} Qf7 $40 {[%mdl 128] Black is up to no good.} 34. Qxc6 (34. Qxf7+ $15 Kxf7 35. Kc2 (35. Rxc6 Re8 $15)) 34... Qf4 $1 $19 {[%csl LRd2,LRg5]} 35. Qe6+ Rf7 $1 ({Worse is} 35... Kh8 36. Rxh7+ $1 {[%mdl 512]} Kxh7 37. Qh6+ Kg8 38. Qg6+ Kh8 39. Qh6+ Kg8 40. Qg6+ Kh8 41. Qh6+ Kg8 $11) 36. Qe2 $2 {[#]} (36. Qe8+ Kg7 37. Qe1) 36... Kg7 $2 (36... Qxg5 $2 37. Rh1 $19) (36... Re7 $1 $19 {[%mdl 512]} 37. Qf2 (37. Qxe7 Qxd2+) 37... Rc4+ 38. Kd1 Qf5 $1 {[%mdl 512]} 39. Nxc4 Qb1+ 40. Kd2 dxc4) 37. Re6 (37. a3 $17) 37... Qxg5 38. c6 (38. a3 $17) 38... Rc7 39. Kd1 $2 (39. b3) 39... Qg1+ $2 (39... Kf7 $19 40. Re3 Rxc6) 40. Kc2 $1 $11 {White threatens Qe5+ and mate.} Qg5 {And now ...Kf7 would win.} 41. Rd6 $2 {[#]} (41. Kd1 $1 $11 {and White is okay.}) 41... Qf5+ $2 (41... Re7 $1 $19 {[%cal Re7e2]} 42. Qf2 Qf5+ 43. Kc1 Qf4) 42. Kc1 {[#]} (42. Kc3 $15 Rf4 43. Kb3) 42... Rf4 ({Black should play} 42... Kf7 $1 $17 {Hoping for ...Re7.} 43. Qh2 h5) 43. Qe8 {The position is equal.} Rf7 44. Rd7 {Threatens to win with c7.} Qg5 45. c7 Rc4+ $1 46. Kd1 Qg1+ 47. Ke2 Qg2+ 48. Kd1 Qg1+ 49. Ke2 {Precision: White = 22%, Black = 33%.} 1/2-1/2

[Event "URU-ch Final 2018"]
[Site "Montevideo"]
[Date "2018.04.15"]
[Round "9"]
[White "Caitano, Martin Joel"]
[Black "Rodi, Luis Ernesto"]
[Result "0-1"]
[WhiteElo "2115"]
[BlackElo "2314"]
[Annotator "TA"]
[PlyCount "92"]
[EventDate "2018.??.??"]
[EventType "tourn"]
[EventCountry "URU"]
[SourceTitle "playchess.com"]
[Source "ChessBase"]
[SourceQuality "1"]

{[%evp 17,92,3,4,-65,-31,-52,-76,-241,-239,-225,-215,-220,-192,-263,-266,-312,-307,-364,-318,-501,-493,-568,-575,-569,-568,-572,-543,-570,-585,-586,-578,-583,-569,-584,-568,-548,-514,-547,-476,-464,-428,-437,-435,-429,-419,-867,-858,-808,-818,-877,-877,-862,-855,-894,-867,-867,-864,-853,-847,-866,-852,-1038,-1022,-7254,-7017,-5824,-4998,-2398,-2241,-29975,-29976,-29986,-29986,-29988,-29989,-29988,-29989]} 1. d4 Nf6 2. c4 e6 3. Nf3 d5 4. Bg5 Bb4+ 5. Nc3 dxc4 6. Qa4+ Nc6 7. a3 Bxc3+ 8. bxc3 Qd5 {D39: Queen's Gambit Declined: Ragozin Defence with 5 Bg5 dxc4} 9. Bxf6 gxf6 {LiveBook: 28 Games} 10. Rb1 ({White should try} 10. Nd2 $11) (10. g3 b5 11. Qc2 Bb7 12. e4 Qd7 13. Bg2 Na5 14. O-O Nb3 15. Rad1 a5 16. a4 bxa4 {½-½ (27) Dragun,K (2597)-Swiercz,D (2654) New York 2018}) 10... a6 {Black is slightly better.} 11. Nd2 $146 ({Predecessor:} 11. Qc2 b5 12. a4 Bd7 13. g3 Qf5 14. Qxf5 exf5 15. Bg2 Ke7 16. O-O {0-1 (43) Orlowski,J (2260)-Hort,V (2535) Switzerland 1994}) 11... b5 12. e4 $2 {[#]} (12. Qc2 $17) 12... bxa4 $19 13. exd5 exd5 14. Be2 Be6 15. Bf3 (15. Nf1 $142) 15... Kd7 16. O-O Rab8 17. Rfd1 Na7 18. Rb4 (18. Rdc1 $142) 18... Rxb4 19. axb4 Nb5 20. Rc1 c6 21. Bd1 a3 {[%cal Ba4a3,Ba3a2][%mdl 32]} 22. Ba4 a2 23. Bxb5 axb5 {[%mdl 4096] Endgame KRB-KRN} 24. Ra1 Ra8 25. Kf1 Bf5 26. Ke2 Bc2 27. Nf3 Re8+ 28. Kd2 Bb1 29. Kd1 Rg8 30. g3 Ra8 31. Kc1 (31. Nd2 $142 Ra3 32. Nxb1 axb1=R+ 33. Rxb1 Rxc3 34. Ra1) 31... Ra3 32. Kd2 Rb3 33. Ng1 Rb2+ 34. Ke3 Bd3 35. h4 Rb1 36. Rxa2 Rxg1 {KRB-KR} 37. Ra7+ Ke6 38. Kf4 Rf1 39. Ke3 Kf5 40. Rxf7 Re1+ 41. Kd2 Re2+ 42. Kd1 Rxf2 43. Rxh7 Kg4 {Black mates.} 44. Rg7+ Kf3 45. g4 Ke3 {[%cal Rf2f1]} 46. Re7+ Be4 {Precision: White = 33%, Black = 87%.} 0-1